000 03616nam0a2200541 4500
001 RU\NLR\BIBL_A\022819706
005 20260628205930.0
010 _a978-5-89896-991-2
_9500
035 _a(NLR Aleph) 022819706
090 _a13744810
_c13744810
100 _a20260528d2025 km y0rusy50 ba
101 1 _aeng
_crus
102 _aRU
105 _aa j 000yy
181 0 _ai3
_baxxe
182 0 _an
200 1 _aSymptoms and syndromes for diseases of the liver, biliary tract and pancreas. Clinical pharmacology of drugs
_etextbook
_fV. R. Weber, T. Kh. Rasulova, I. Zinebi, A. Bajji
_gtranslated by: I. Zinebi, A. Bajji
_gMinistry of science and higher education of the Russian Federation, Federal state budgetary educational institution of higher education "Yaroslav-the-Wise Novgorod state university"
203 _aТекст
_bвизуальный
_cнепосредственный
210 _aVeliky Novgorod
_cYaroslav-the-Wise NovSU
_d2025
215 _a125 с.
_cил.
_d21
300 _aНа обл.: Symptoms and syndromes of liver, biliary tract and pancreas diseases. Clinical pharmacology of drugs / Weber V. R., Zhmailova S. V., Kopina M. N. [et al.]
300 _aАвт. указаны на обороте тит. с. в макете
320 _aБиблиогр.: с. 125 (13 назв.)
512 1 _aSymptoms and syndromes of liver, biliary tract and pancreas diseases. Clinical pharmacology of drugs
517 1 _aClinical pharmacology of drugs
541 1 _aСимптомы и синдромы болезней печени, желчного тракта и поджелудочной железы. Клиническая фармакология лекарств
606 1 _aГепатобилиарная система
_jУчебные издания для высших учебных заведений
_xБолезни
_xСиндромы
_92588396
_3RU\NLR\AUTH\6601739789
606 1 _aГепатобилиарная система
_jУчебные издания для высших учебных заведений
_xБолезни
_xСимптомы
_92714622
_3RU\NLR\AUTH\6601772162
606 1 _aПоджелудочная железа
_jУчебные издания для высших учебных заведений
_xБолезни
_xСимптомы
_92714623
_3RU\NLR\AUTH\6601772163
606 1 _aГепатобилиарная система
_jУчебные издания для высших учебных заведений
_xВлияние фармацевтических препаратов
_92714625
_3RU\NLR\AUTH\6601772165
606 1 _aПоджелудочная железа
_jУчебные издания для высших учебных заведений
_xВлияние фармацевтических препаратов
_92714626
_3RU\NLR\AUTH\6601772166
686 1 _aР413.5-32я73
686 1 _aР413.6-32я73
686 1 _aР281.776я73
686 1 _aР281.768я73
686 1 _aР281.733я73
701 1 _7ba
_8rus
_aVeber
_bV. R.
_cд-р мед. наук
_f1954-
_gViktor Robertovič
_9253749
_3RU\NLR\AUTH\770253805
701 1 _aRasulova
_bT. C.
_gTamara Chakimovna
701 1 _aZinebi
_bI.
_gIrchad
701 1 _aBajji
_bA.
_gAyoub
702 1 _4570
_7ba
_8rus
_aŽmajlova
_bS. V.
_f1963-
_gSvetlana Viktorovna
_92713482
_3RU\NLR\AUTH\770295056
702 1 _aKopina
_bM. N.
_f1937-
_gMargarita Nikiforovna
_4570
712 0 2 _4475
_7ba
_8eng
_aYaroslav-the-Wise Novgorod state university
_9588557
_3RU\NLR\AUTH\8810044571
942 _cBOOK
980 _aNB